000 00936nam a2200253 a 4500
999 _c5560
_d5560
005 20180223163232.0
008 140725b2005 ec ||||| |||| 00| 0 spa d
020 _a9978441387
040 _aCO-BoIAVH
_cCO-BoIAVH
041 0 _aspa
044 _aec
082 0 4 _a333.95
_bB85p
100 1 _aBriones, Ernesto
245 1 0 _aPropuesta metodológica para la caracterización y monitoreo de la sustentabilidad de proyectos productivos en humedales /
_cBriones L. y Jaramillo L.
260 _aQuito (Ecuador) :
_bMinisterio del Ambiente :
_bCORPEI :
_bEcoCiencia,
_c2005.
300 _a79 páginas :
_bgráficas ;
_c30 x 21 cm.
500 _aIncluye glosario.
504 _aIncluye referencias bibliografías (73 - 75).
650 6 _aHumedales
_xMonitoreo
_zEcuador
650 6 _aHumedales
_xCaracterización
650 6 _aHumedales
_xProyectos
700 1 _aJaramillo, Lorena
942 _cLIBRO
_2ddc
_01